Asamiya galpachayan : (Record no. 7904)

MARC details
000 -LEADER
fixed length control field 00559cam a2200205ua 4500
001 - CONTROL NUMBER
control field 8816
005 - DATE AND TIME OF LATEST TRANSACTION
control field 20260515114400.0
008 - FIXED-LENGTH DATA ELEMENTS--GENERAL INFORMATION
fixed length control field 150214n ii |||gr||||Z||||||asm
020 ## - INTERNATIONAL STANDARD BOOK NUMBER
International Standard Book Number 9788123753294
040 ## - CATALOGING SOURCE
Transcribing agency MAIN
041 ## - LANGUAGE CODE
Language code of text/sound track or separate title asm
082 ## - DEWEY DECIMAL CLASSIFICATION NUMBER
Classification number 891.4513S
100 ## - MAIN ENTRY--PERSONAL NAME
Personal name Saikia, N.,
Relator term Editor.
245 1# - TITLE STATEMENT
Title Asamiya galpachayan :
Remainder of title Uttar-swadhinata jugar asamiya chutigalpa /
Statement of responsibility, etc. Edited by Nogen Saikia .
250 ## - EDITION STATEMENT
Edition statement 1st.
260 ## - PUBLICATION, DISTRIBUTION, ETC.
Place of publication, distribution, etc. New Delhi:
Name of publisher, distributor, etc. National,
Date of publication, distribution, etc. 2008.
300 ## - PHYSICAL DESCRIPTION
Extent 362p.
653 ## - INDEX TERM--UNCONTROLLED
Uncontrolled term East Indo-European & Celtic literatures
942 ## - ADDED ENTRY ELEMENTS (KOHA)
Koha item type Books
Holdings
Withdrawn status Lost status Damaged status Not for loan Home library Current library Shelving location Date acquired Total checkouts Full call number Barcode Date last seen Copy number Price effective from Koha item type
        Naharkatiya College Library Naharkatiya College Library General stacks 09/19/2020   891.4513S | ASA 21611 09/19/2020 1 09/19/2020 Books